Electronic equipment and accessories, (Record no. 545651)
[ view plain ]
| 000 -LEADER | |
|---|---|
| fixed length control field | 00644cam a22001691 4500 |
| 082 ## - DEWEY DECIMAL CLASSIFICATION NUMBER | |
| Classification number | 621.381 |
| Author Mark | WAL |
| -- | L-11, P-7 |
| 100 1# - MAIN ENTRY--PERSONAL NAME | |
| Personal name | Walker, R. C. |
| 9 (RLIN) | 41584 |
| 245 10 - TITLE STATEMENT | |
| Title | Electronic equipment and accessories, |
| Remainder of title | a concise introduction to the principles of electronics and their applications in industry, |
| Statement of responsibility, etc. | by R. C. Walker. With 343 illustrations. |
| 260 ## - PUBLICATION, DISTRIBUTION, ETC. | |
| Place of publication, distribution, etc. | London, |
| Name of publisher, distributor, etc. | G. Newnes limited |
| Date of publication, distribution, etc. | [1945] |
| 300 ## - PHYSICAL DESCRIPTION | |
| Extent | viii, 394 p. |
| Other physical details | illus., diagrs. |
| Dimensions | 24 cm. |
| 500 ## - GENERAL NOTE | |
| General note | "First published 1945." |
| 526 ## - STUDY PROGRAM INFORMATION NOTE | |
| Program name | 0 |
| Interest level | 0 |
| Reading level | 0 |
| Title point value | 621_381000000000000_WAL |
| 526 ## - STUDY PROGRAM INFORMATION NOTE | |
| Program name | 0 |
| Interest level | 0 |
| Reading level | 0 |
| Title point value | 621_385100000000000_WAL |
| 650 #0 - SUBJECT ADDED ENTRY--TOPICAL TERM | |
| Topical term or geographic name entry element | Electronics. |
| 650 #0 - SUBJECT ADDED ENTRY--TOPICAL TERM | |
| Topical term or geographic name entry element | MCE |
| 9 (RLIN) | 379 |
| 942 ## - ADDED ENTRY ELEMENTS (KOHA) | |
| Source of classification or shelving scheme | |
| Koha item type | Book |
| Withdrawn status | Lost status | Source of classification or shelving scheme | Damaged status | Not for loan | Permanent Location | Current Location | Date acquired | Total Checkouts | Full call number | Barcode | Date last seen | Price effective from | Koha item type |
|---|---|---|---|---|---|---|---|---|---|---|---|---|---|
| Military College of Engineering (MCE) | Military College of Engineering (MCE) | 05/27/2014 | 621.381 WAL | MCE-40856 | 05/27/2014 | 05/27/2014 | Book | ||||||
| Military College of Engineering (MCE) | Military College of Engineering (MCE) | 05/30/2014 | 621.3851 WAL | MCE-41022 | 05/30/2014 | 05/30/2014 | Book |
